| 000 | 01011nam a2200277 i 4500 | ||
|---|---|---|---|
| 001 | 11851 | ||
| 003 | KOSZ 005 | ||
| 005 | 20200724080823.0 | ||
| 008 | 080610s1964 pl a f 000 0 pol | ||
| 015 | _aPB 1964/8476 | ||
| 040 |
_aWA N _cKOSZ 005/RW _dKOSZ 005/RW |
||
| 080 | _a637 | ||
| 100 | 1 |
_aManiecki, Florian _d(1927-2008) _eAutor |
|
| 245 | 1 | 0 |
_aDój mechaniczny : _bekonomika i organizacja / _cFlorian Maniecki, Jan Szalewicz. |
| 260 |
_aWarszawa : _bPaństwowe Wydawnictwo Rolnicze i Leśne, _c1964. |
||
| 300 |
_a166, [2] s. : _bil. ; _c23 cm. |
||
| 380 | _aKsiążki. | ||
| 490 | 1 | _aSeria E | |
| 504 | _aBibliogr. s. 164-[165]. | ||
| 650 | 4 | _aDojarka mechaniczna | |
| 700 | 1 | _aSzalewicz, Jan. | |
| 710 | 2 |
_aPaństwowe Wydawnictwo Rolnicze i Leśne _4pbl. |
|
| 830 | 0 | _aSeria E - Państwowe Wydawnictwo Rolnicze i Leśne. | |
| 856 |
_uhttp://koha.tu.koszalin.pl/cgi-bin/koha/opac-detail.pl?biblionumber=11851 _yKatalog online BPK |
||
| 942 |
_2UKD _cKS |
||
| 999 |
_c11851 _d11851 |
||